A online open learning campus? / [et al.] (Record no. 73726)

MARC details
000 -CABECERA
campo de control de longitud fija 00654nam a2200241 a 4500
005 - FECHA Y HORA DE LA ÚLTIMA TRANSACCIÓN
campo de control 20210219153316.0
008 - ELEMENTOS DE LONGITUD FIJA--INFORMACIÓN GENERAL
campo de control de longitud fija 991125n 000 0 u
035 ## - NÚMERO DE CONTROL DEL SISTEMA
Número de control de sistema UPN01000090728
100 ## - ASIENTO PRINCIPAL--NOMBRE PERSONAL
Nombre de persona Gast, Gert
222 #0 - TÍTULO CLAVE
Título clave EDUCATIONAL MEDIA INTERNATIONAL
245 #0 - MENCIÓN DE TÍTULO
Título A online open learning campus? / [et al.]
300 ## - DESCRIPCIÓN FÍSICA
Extensión 145-148
362 ## - FECHAS DE PUBLICACIÓN Y/O DESIGNACIÓN SECUENCIAL
Fecha de publicación y/o designación secuencial 29, No. 3, 1992
505 ## - NOTA DE CONTENIDO CON FORMATO PREESTABLECIDO
Nota de contenido con formato Junio 1993
653 0# - TERMINO DE INDIZACION - NO CONTROLADO
Término no controlado DISEÑO ASISTIDO POR ORDENADOR
653 0# - TERMINO DE INDIZACION - NO CONTROLADO
Término no controlado EDUCACION A DISTANCIA
653 0# - TERMINO DE INDIZACION - NO CONTROLADO
Término no controlado REDES DE COMPUTADORAS
653 0# - TERMINO DE INDIZACION - NO CONTROLADO
Término no controlado SISTEMAS EN LINEA
700 ## - ASIENTO SECUNDARIO--NOMBRE DE PERSONAL
Nombre de persona Ounsworth, Jenny
700 ## - ASIENTO SECUNDARIO--NOMBRE DE PERSONAL
Nombre de persona Lewis, Elyn
904 ## - ELEMENTOS DE DATOS D LOCAL, LDD (RLIN)
a AC
b 028539
905 ## - TIPO DE MATERIAL
Tipo de material Articulo

No items available.